PHP: (Record no. 23954)

MARC details
000 -LEADER
fixed length control field 01736nam a22002177a 4500
020 ## - INTERNATIONAL STANDARD BOOK NUMBER
ISBN 9780070140691
041 ## - LANGUAGE CODE
Language code of text/sound track or separate title English
082 ## - DEWEY DECIMAL CLASSIFICATION NUMBER
Classification number 005.133
Item number VAS
100 ## - MAIN ENTRY--AUTHOR NAME
Author name Vaswani, Vikram.
245 ## - TITLE STATEMENT
Title PHP:
Sub Title a beginner's guide/
Statement of responsibility, etc Vikram Vaswani.
260 ## - PUBLICATION, DISTRIBUTION, ETC. (IMPRINT)
Place of publication New Delhi:
Name of publisher McGraw Hill Education Private Limited,
Year of publication 2009.
300 ## - PHYSICAL DESCRIPTION
Number of Pages xxiv, 453 Pages:
Other physical details Illustrations;
Dimensions 24 cm.
504 ## - BIBLIOGRAPHY, ETC. NOTE
Bibliography, etc Includes Index.
505 ## - FORMATTED CONTENTS NOTE
Formatted contents note Part I: Understanding PHP Basics<br/>Chapter 1. Introducing PHP<br/>Chapter 2. Using Variables and Operators<br/>Chapter 3. Controlling Program Flow<br/>Chapter 4. Working with Arrays<br/>Chapter 5. Using Functions and Classes<br/>Part II: Working with Data from Other Sources<br/>Chapter 6. Working with Files and Directories<br/>Chapter 7. Working with Databases and SQL<br/>Chapter 8. Working with XML<br/>Chapter 9. Working with Cookies, Sessions, and Headers<br/>Part III: Security and Troubleshooting<br/>Chapter 10. Handling Errors<br/>Chapter 11. Securing PHP<br/>Chapter 12. Expanding PHP<br/>Part IV: Appendixes<br/>Appendix A. Installing and Configuring Required Software<br/>Appendix B. Answers to Self Test<br/>Index
520 ## - SUMMARY, ETC.
Summary, etc This task-oriented reference teaches everything needed to build cutting-edge Web applications with PHP. It shows how to write basic PHP programs and enhance them with more advanced features such as MySQL and SQLite database integration, XML input, and third-party extensions. This fast-paced tutorial provides one-stop coverage of software installation, language syntax and data structures, flow control routines, built-in functions, and best practices.
650 ## - SUBJECT ADDED ENTRY--TOPICAL TERM
Subject Programming languages
650 ## - SUBJECT ADDED ENTRY--TOPICAL TERM
Subject PHP
650 ## - SUBJECT ADDED ENTRY--TOPICAL TERM
Subject Beginner's Guide
700 ## - ADDED ENTRY--PERSONAL NAME
Author 2/ Editor Forwarded by Cal Evans, Edited by Zend Developer Zone
942 ## - ADDED ENTRY ELEMENTS (KOHA)
Source of classification or shelving scheme Dewey Decimal Classification
Koha item type Books
Holdings
Withdrawn status Lost status Source of classification or shelving scheme Damaged status Not for loan Home library Current library Shelving location Date acquired Source of acquisition Cost, normal purchase price Full call number Accession Number Price effective from Koha item type
    Dewey Decimal Classification     Institute of Public Enterprise, Library Institute of Public Enterprise, Library S Campus 08/07/2025 Gifted by M.J. Rama Krishna 1418.00 005.133 VAS 50255 08/07/2025 Books

Maintained and Designed by
2cqr automation private limited, Chennai. All Rights Reserved.

You are Visitor Number

PHP Hits Count